Problems in Electrical Engineering (Power Engineering and Electronics) (Record no. 63)

MARC details
000 -LEADER
Fixed length control field 00661nam a2200205 4500
003 - CONTROL NUMBER IDENTIFIER
Control field SEACOMEC
005 - DATE AND TIME OF LATEST TRANSACTION
Control field 20240401130336.0
008 - FIXED-LENGTH DATA ELEMENTS--GENERAL INFORMATION
Fixed length control field 231004b |||||||| |||| 00| 0 eng d
020 ## - INTERNATIONAL STANDARD BOOK NUMBER / ISBN
Price Rs. 120.00
040 ## - CATALOGING SOURCE
Original cataloging agency SEACOMEC
082 ## - DEWEY DECIMAL CLASSIFICATION NUMBER
Classification number 621.3
Book Number P243
100 1# - MAIN ENTRY--PERSONAL NAME
Personal name Parker Smith, S.
245 ## - TITLE STATEMENT
Title Problems in Electrical Engineering (Power Engineering and Electronics)
Sub title With answers
Statement of responsibility S. Parker Smith and N.N. Parker Smith
250 ## - EDITION STATEMENT
Edition statement 9th Ed
260 ## - IMPRINT
Place of publication New Delhi
Name of publisher CBS
Date of publication 2003
650 ## - SUBJECT ADDED ENTRY--TOPICAL TERM
Topical term Applied Physics
650 ## - SUBJECT ADDED ENTRY--TOPICAL TERM
Topical term Electrical, Magnetic, optical, communications, computer engineering; electrons, lighting
700 1# - ADDED ENTRY--PERSONAL NAME
Personal name Parker Smith N.N.
942 ## - ADDED ENTRY ELEMENTS (KOHA)
Koha item type Books
Holdings
Withdrawn status Lost status Source of classification Damaged status Not for loan Home library Current library Date acquired Total Checkouts Call number Accession number Date last seen Price effective from Koha item type Copy number
    Dewey Decimal Classification     SEACOM ENGINEERING COLLEGE SEACOM ENGINEERING COLLEGE 01/04/2024   621.3 P243 4511 01/04/2024 01/04/2024 Books  
    Dewey Decimal Classification     SEACOM ENGINEERING COLLEGE SEACOM ENGINEERING COLLEGE 01/04/2024   621.3 P243 4512 01/04/2024 01/04/2024 Books 1
    Dewey Decimal Classification     SEACOM ENGINEERING COLLEGE SEACOM ENGINEERING COLLEGE 01/04/2024   621.3 P243 4513 01/04/2024 01/04/2024 Books 2
    Dewey Decimal Classification     SEACOM ENGINEERING COLLEGE SEACOM ENGINEERING COLLEGE 01/04/2024   621.3 P243 4514 01/04/2024 01/04/2024 Books 3
    Dewey Decimal Classification     SEACOM ENGINEERING COLLEGE SEACOM ENGINEERING COLLEGE 01/04/2024   621.3 P243 4515 01/04/2024 01/04/2024 Books 4
    Dewey Decimal Classification     SEACOM ENGINEERING COLLEGE SEACOM ENGINEERING COLLEGE 01/04/2024   621.3 P243 4516 01/04/2024 01/04/2024 Books 5
    Dewey Decimal Classification     SEACOM ENGINEERING COLLEGE SEACOM ENGINEERING COLLEGE 01/04/2024   621.3 P243 4517 01/04/2024 01/04/2024 Books 6
    Dewey Decimal Classification     SEACOM ENGINEERING COLLEGE SEACOM ENGINEERING COLLEGE 01/04/2024   621.3 P243 4518 01/04/2024 01/04/2024 Books 7
    Dewey Decimal Classification     SEACOM ENGINEERING COLLEGE SEACOM ENGINEERING COLLEGE 01/04/2024   621.3 P243 4519 01/04/2024 01/04/2024 Books 8
    Dewey Decimal Classification     SEACOM ENGINEERING COLLEGE SEACOM ENGINEERING COLLEGE 01/04/2024   621.3 P243 4520 01/04/2024 01/04/2024 Books 9
    Dewey Decimal Classification     SEACOM ENGINEERING COLLEGE SEACOM ENGINEERING COLLEGE 26/07/2008   621.3 P243 12177 20/01/2025 20/01/2025 Books 10
    Dewey Decimal Classification     SEACOM ENGINEERING COLLEGE SEACOM ENGINEERING COLLEGE 26/07/2008   621.3 P243 12178 20/01/2025 20/01/2025 Books 11
    Dewey Decimal Classification     SEACOM ENGINEERING COLLEGE SEACOM ENGINEERING COLLEGE 26/07/2008   621.3 P243 12179 20/01/2025 20/01/2025 Books 12
    Dewey Decimal Classification     SEACOM ENGINEERING COLLEGE SEACOM ENGINEERING COLLEGE 26/07/2008   621.3 P243 12180 20/01/2025 20/01/2025 Books 13
    Dewey Decimal Classification     SEACOM ENGINEERING COLLEGE SEACOM ENGINEERING COLLEGE 26/07/2008   621.3 P243 12181 20/01/2025 20/01/2025 Books 14
© Seacom Engineering College, All rights reserved.      Powered by Koha